000 01579nam a2200409 i 4500
001 40152
003 KOSZ 005
005 20240405063132.0
008 150629s2001 pl a f 000 0 pol
040 _cKOSZ 005
_aKOSZ 005
_dKOSZ 005/HR
041 0 _apol
_beng
046 _k2001
080 _a332.122
080 _a338.4(438-17:26)
245 0 0 _aOrganizacja i zarządzanie w regionie nadmorskim.
_nT.1 /
_cPolska Akademia Nauk - Oddział w Gdańsku. Komisja Organizacji i Zarządzania ; [zespół red. Zygmunt Dowgiałło, Jan Karwowski, Andrzej Tubielewicz].
260 _aGdańsk :
_bPAN,
_c2001.
300 _a306, [1] s. :
_bil. ;
_c24 cm.
336 _2rdacontent
_aTekst
_btxt
337 _2rdamedia
_aBez urządzenia pośredniczącego
_bn
338 _2rdacarrier
_aWolumin
_bnc
380 _aKsiążki
388 _a2001-
500 _aStreszcz. ang., pol. przy art.
504 _aBibliogr. przy art.
648 7 _a1901-2000
648 7 _a1989-2000
650 9 _aGospodarka morska
651 9 _aWojewództwo zachodniopomorskie (1999- )
651 9 _aPolska
658 _aGospodarka, ekonomia, finanse
700 1 _aKarwowski, Jan
_d(1937- )
_eRedakcja
700 1 _aTubielewicz, Andrzej
_eRedakcja
700 1 _aDowgiałło, Zygmunt
_eRedakcja
856 _uhttp://koha.tu.koszalin.pl/cgi-bin/koha/opac-detail.pl?biblionumber=40152
_yKatalog online BPK
942 _cKS
_2UKD
999 _c40152
_d40152